000 01008nam a22002537a 4500
999 _c8362
_d8362
003 AR-CdUCM
008 190325b ||||| |||| 00| 0 spa d
040 _aMUNICIPALIDAD PROVINCIAL DEL CUSCO
_cBIBLIOTECA MUNICIPAL DEL CUSCO
041 _heng
082 _a158 /
_bG795
100 _aGreen, Donald Ross.
_923479
245 _aPsicología de la enseñanza /
260 _aMéxico, D.F :
_bUnión Tipográfica Editorial Hispano-Americana,
_c1966.
300 _a232 paginas ;
_c17 cm.
440 _aManueales Uthea
_n8
_923480
500 _aTitulo original : Educational psychology
505 _aContenido : Estudio psicológico de la enseñanza escolar -- Los estudiantes -- Las escuelas, los maestros y las materias escolares -- La enseñanza escolar -- Métodos de enseñanza...
650 _aPsicología de la educación
_97331
650 _aEnseñanza
_91616
650 _aMétodos de enseñanza
_94066
700 _aGerahard, Carlos (Traductor)
_923481
942 _2ddc
_cLIBROS
945 _awnts